Statystyki dla 7 wzgórz Rzymu

Kliknij tutaj aby rozwiązać quiz!

Ogólne statystyki

  • Ten quiz został rozwiązany 52 razy
  • Średni wynik to 3 z 7

Statystyki odpowiedzi

Wzgórze% Poprawnych
Kapitol
70%
Palatyn
60%
Kwirynał
49%
Awentyn
47%
Eskwilin
17%
Wiminał
11%
Celius
9%

Rozkład punktacji

Percentyl według liczby udzielonych odpowiedzi

Procent ludzi z każdym wynikiem

Twoja historia wyników

Nie rozwiązałeś tego quizu